Les prénoms des enfants des rois de France - Statistiques

Statistiques générales
  • Ce quiz a été pris 163 fois
  • Le résultat moyen est 57 sur 74
Statistiques - réponses
F/M Prénom Père % Correct
M Jean Louis VIII | Louis IX | Louis X | Philippe VI | Jean II | Charles V | Charles VI
98%
F Jeanne Louis X | Philippe V | Charles IV | Philippe VI | Jean II | Charles V | Charles VII | Louis XI | Henri II
98%
M Louis Philippe 1er | Louis VI | Philippe II | Louis VIII | Louis IX | Philippe III | Philippe IV | Charles IV | Jean II | Charles V | Charles VI | Charles VII | Henri II | Henri IV | Louis XIII | Louis XIV | Louis XV | Louis-Philippe
94%
F Elisabeth Henri II | Henri IV | Louis XV
93%
M Charles Philippe 1er | Louis VIII | Philippe IV | Jean II | Charles V | Charles VI | Charles VII | Louis XI | Charles VIII | François 1er | Henri II | Louis-Philippe
93%
M François Louis XI | Charles VIII | François 1er | Louis-Philippe
92%
M Henri Robert II | Philippe 1er | Louis VI | François 1er | Henri II | Henri IV
92%
F Louise François 1er | Henri II | Louis XV | Louis-Philippe
91%
M Philippe Henri 1er | Philippe 1er | Louis VI | Louis VII | Philippe II | Louis VIII | Louis IX | Philippe III | Philippe IV | Philippe V | Charles IV | Philippe VI | Jean II | Louis XIII | Louis XV
90%
F Victoire Henri II | Louis XV
90%
F Adélaïde Hugues Capet | Louis XV
90%
F Anne Louis XI | Charles VIII
90%
F Marie-Thérèse Louis XIV | Louis XVI | Charles X
90%
M Antoine Henri IV | Louis-Philippe
89%
F Sophie Louis XV | Louis XVI | Charles X
89%
F Marguerite Louis VII | Louis IX | Philippe V | Jean II | François 1er | Henri II
88%
F Marie Louis VII | Philippe II | Charles IV | Jean II | Charles V | Charles VII | Louis-Philippe
87%
F Claude Louis XII | Henri II
87%
F Henriette Louis XV
87%
F Marie-Louise Louis XV
87%
F Thérèse Louis XV
87%
F Isabelle Louis VIII | Louis IX | Philippe IV | Philippe V | Jean II | Charles V
86%
M Alexandre Henri IV
85%
F Catherine-Henriette Henri IV
85%
M César Henri IV
85%
F Christine Henri IV
85%
M Gaston Henri IV
85%
F Henriette-Marie Henri IV
85%
F Jeanne-Baptiste Henri IV
85%
M Louis-Charles Louis XVI
85%
M Louis-Joseph Louis XVI
85%
F Blanche Louis IX | Philippe V | Charles IV | Jean II
83%
F Diane Henri II
82%
M Robert Hugues Capet | Louis VI | Louis VIII
82%
F Agnès Louis VII | Louis IX | Jean II
82%
M Hugues Robert II | Henri 1er | Louis VI
82%
F Constance Robert II | Philippe 1er | Louis VI
82%
M Pierre Louis VI | Louis IX
81%
F Anne-Elisabeth Louis XIV
81%
F Françoise-Marie Louis XIV
81%
M Louis-Alexandre Louis XIV
81%
M Louis-Auguste Louis XIV
81%
M Louis-César Louis XIV
81%
M Louis-François Louis XIV
81%
F Louise-Françoise Louis XIV
81%
F Louise-Marie-Anne Louis XIV
81%
F Marie-Anne Louis XIV
81%
M Philippe-Charles Louis XIV
81%
M Jean-Tristan Philippe II | Louis IX
80%
F Renée Louis XII
79%
M Robert Robert II | Henri 1er | Louis IX
79%
F Adèle Robert II | Louis VII
79%
F Alix Robert II | Louis VII
79%
F Catherine Jean II | Charles V | Charles VII
78%
F Madeleine Charles VII | François 1er
77%
F Bonne Charles V
74%
M Alphonse Louis VIII
74%
F Radegonde Charles VII
72%
F Yolande Charles VII
72%
M Charles-Orland Charles VIII
72%
M Charles-Ferdinand Charles X
70%
M Louis-Antoine Charles X
70%
F Marie-Elisabeth Charles IX
66%
F Clémentine Louis-Philippe
66%
M Ferdinand-Philippe Louis-Philippe
66%
F Françoise Louis-Philippe
66%
F Gisèle Hugues Capet | Robert II
64%
M Eudes Robert II | Philippe 1er
55%
F Edwige Hugues Capet
53%
F Charlotte François 1er
29%
F Cécile Philippe 1er
19%
F Eustachie Philippe 1er
19%
M Fleury Philippe 1er
19%
F Emma Henri 1er
18%
Aucun quiz correspondant
Distribution des résultats
% des personnes avec chaque résultat
Percentile par nombre de réponses
Votre historique - résultats
Vous n’avez pas pris ce quiz